000 00908nam a22002657a 4500
001 74569
003 UA-OsUOA
005 20230727155751.0
007 ta
008 20110412b un ||||| |||| 00| 0 ukr d
020 _a9789662115062
040 _aUA-OsUOA
_bukr
_cUA-OsUOA
_dUA-OsUOA
041 _aukr
080 _a821.161.2-3
090 _a821.161.2-3
_bК67
100 _aКорнейко О.
245 _aНіч Долі: хроніки світанку. Хроніка перша
_bроман у стилі фентезі
_cОлександр Корнейко
260 _aЛуцьк
_bТвердиня
_c2007
300 _a152 с.
490 _aХронотоп
650 7 _a821 Художня література окремими мовами і мовними сім'ями
_2UDC
942 _cBK
_2udc
955 _a3
999 _c360859
_d360859